First Twenty World Cities Alphabetically - Statistics

General Stats
  • This quiz has been taken 69 times
  • The average score is 13 of 20
Answer Stats
Hint Answer % Correct
West Africa Accra
90%
West Africa Abuja
84%
North Africa Algiers
84%
Middle East Amman
80%
South East U,S Atlanta
80%
East Africa Addis Ababa
79%
Middle East Ankara
75%
West Africa Abidjan
69%
North Africa Alexandria
69%
South America Asuncion
67%
East Europe Athens
61%
South Asia Ahmedabad
56%
South Africa Antananarivo
56%
Caucasus Baku
56%
Southeast Asia Bangkok
52%
Middle East Aleppo
49%
North East U.S Baltimore
49%
West Africa Bamako
46%
Southeast Asia Bandung
41%
Middle East Baghdad
39%
No matching quizzes found
Score Distribution
Percent of People with Each Score
Percentile by Number Answered
Your Score History
You have not taken this quiz